Statistics for Taylor Swift - Fresh Out The Slammer Lyrics

Click here to take the quiz!

General Stats

  • This quiz has been taken 24 times
  • The average score is 233 of 273

Answer Stats

Answer% Correct
baby
100%
be
100%
(Fresh
100%
Fresh
100%
I
100%
my
100%
My
100%
no
100%
out
100%
slammer
100%
the
100%
To
100%
to
100%
who
100%
you
100%
and
94%
And
94%
call
94%
first
94%
(Fresh
94%
Fresh
94%
He
94%
he
94%
home
94%
I'm
94%
know
94%
me
94%
now
94%
Now,
94%
Now
94%
of
94%
on
94%
pretty
94%
will
94%
back
88%
don't
88%
dreams
88%
In
88%
in
88%
it
88%
just
88%
oh)
88%
runnin'
88%
was
88%
we
88%
where
88%
alright
82%
American
82%
As
82%
at
82%
At
82%
but
82%
But
82%
did
82%
For
82%
girl
82%
gonna
82%
his
82%
it's
82%
one
82%
spell
82%
sunshine
82%
that
82%
time
82%
under
82%
understand
82%
again
76%
ashes
76%
blue
76%
children's
76%
feeling
76%
gleams
76%
(Gleams)
76%
glimpse
76%
Gray
76%
Handcuffed
76%
hear
76%
hour
76%
how
76%
imaginary
76%
light
76%
lose
76%
matter
76%
never
76%
porch
76%
rings
76%
says
76%
sit
76%
summer
76%
swings
76%
used
76%
Wearing
76%
we're
76%
what
76%
all
71%
All
71%
Another
71%
anyway
71%
Camera
71%
ceilings
71%
cover
71%
daily
71%
disappearing
71%
fights
71%
flashes
71%
friends
71%
goin'
71%
her
71%
house
71%
ledge
71%
line
71%
locks
71%
off
71%
park
71%
said
71%
shade
71%
smile
71%
stake
71%
starting
71%
takin'
71%
thunder
71%
Toss
71%
up
71%
Watch
71%
way
71%
welcome
71%
what's
71%
winter
71%
with
71%
wouldn't
71%
Ain't
65%
bashes
65%
better
65%
done
65%
here
65%
into
65%
I've
65%
kept
65%
labor
65%
letters
65%
matches
65%
nights
65%
poems
65%
rolling
65%
screw
65%
Swirled
65%
those
65%
tried
65%
tunnels
65%
wait
65%
Years
65%
bitter
59%
dinners
59%
get
59%
silent
59%
Splintered
59%
still
59%

Score Distribution

Percentile by Number Answered

Percent of People with Each Score

Your Score History

You have not taken this quiz